Liedtext - Hamma! - Culcha Candela - Statistiken

Allgemein
  • Dieses Quiz wurde 1.083 mal gespielt
  • Das Durchschnittsergebnis liegt bei 383 aus 577
Antwortstatistiken
Textquiz % Korrekt
A
99%
Du
99%
du
99%
H
99%
bist
97%
E
97%
hamma
96%
Hamma
96%
Wie
96%
wie
96%
dich
95%
in
95%
bewegst
94%
Outfit
93%
Doppel-M
92%
Un
91%
ein
90%
'n
90%
R
89%
da
88%
Da
88%
dein
88%
wa
87%
das
86%
dat
86%
dit
86%
dei'm
85%
Ich
85%
ich
85%
übertrieben
84%
unglaublich
83%
weiß
82%
dass
81%
Dass
81%
nicht
81%
deine
80%
Einzigartig
80%
war
80%
weißt
79%
geblieben
77%
der
75%
Warum
74%
an
72%
die
72%
Die
72%
und
72%
Und
72%
Yeah
72%
yeah
72%
hammer
69%
Hammer
69%
den
67%
'ne
67%
ma
64%
ma'
64%
zu
64%
einfach
63%
um
63%
so
62%
Bar
61%
dir
61%
mit
60%
Ne
60%
whoa
59%
es
57%
Sekt
57%
Auf
55%
auf
55%
aus
55%
Hand
55%
schön
55%
schon
55%
Denn
54%
denn
54%
Ihr
54%
nur
54%
na
53%
Oh
53%
stehst
53%
viel
53%
Viel
53%
Weg
53%
weg
53%
will
53%
wunderbar
53%
hin
52%
dann
50%
keine
50%
mir
50%
'ner
50%
Arsch
49%
Komm
49%
komm'
49%
mehr
49%
mein'n
49%
Wir
49%
wir
49%
Mama
48%
mich
48%
Sektglas
48%
als
47%
andern
47%
Candela
47%
wart
47%
Culcha
46%
sich
46%
Skala
46%
Doch
45%
drauf
45%
gibt
45%
her
45%
klammern
45%
Scheiße
45%
Außer
44%
durch
44%
find's
44%
immer
44%
ja
44%
laberst
44%
rüber
43%
hingeh'n
42%
Leben
42%
mal
42%
ansiehst
41%
süß
41%
anders
40%
schlabbern
40%
Shit
40%
Cocktails
39%
Glas
39%
kämpf'
39%
Mit'm
39%
Partys
39%
werd'
39%
hinseh'n
38%
Nacht
38%
wieder
38%
guck'
37%
kurz
37%
noch
37%
dei'm
36%
musste
36%
näher
36%
kann
34%
seh'n
34%
uns
33%
wat
33%
bei
32%
dein'n
32%
Hab'
32%
hab'
32%
hast
32%
Nummer
32%
sein
32%
irgendwie
31%
wählen
31%
was
31%
Zeit
31%
stehlen
30%
wird
30%
Get
29%
komme
29%
Wegen
29%
hamma-mama
28%
Tür
28%
wenn
28%
zusammen
28%
sind
27%
vielleicht
27%
widersteh'n
27%
schließen
26%
abgeh'n
25%
könn'n
25%
lad'
25%
Mix
25%
nehm'
25%
ready
25%
Right
25%
Tiger
25%
viele
25%
Booty
24%
klein
24%
sing
24%
trotzdem
24%
dicken
23%
einmal
23%
gedämmert
23%
hat's
23%
Jahre
23%
Namen
23%
Studi
23%
Tier
23%
versprühst
23%
woll'n
23%
anseh'n
22%
Glamour
22%
ohne
22%
Unsre
22%
angesehen
21%
wär's
21%
bisschen
20%
jetzt
20%
kleinet
20%
so'n
20%
Spaß
20%
allet
19%
chère
19%
gestylt
19%
Voll'n
18%
dreh'n
17%
Gas
17%
Girl
17%
Muddi
17%
verpasst
17%
anmachst
16%
führ'
16%
kaum
16%
pretty
16%
sonst
16%
Also
15%
Ding
15%
geb'n
15%
jeändert
15%
schwing'n
15%
ins
14%
vorbei
14%
Cutie
13%
Egal
13%
is'n
13%
rauskommt
12%
Roll'n
12%
woanders
12%
verplempert
11%
sweete
10%
wa'n
10%
Gheddo
9%
geh'ma
6%
werd'ma
4%
projelo
2%
Keine übereinstimmenden Quizze gefunden
Verteilung der Resultate
Anzahl Personen mit jedem Resultat
Perzentil nach korrekt beantworteten Fragen
Ihre Resultats-Entwicklung
Sie haben dieses Quiz noch nicht gespielt